State of the world's forests 2001
This book provides the most recent picture of the extent and location of forests worldwide. It covers new sectoral developments and key forest-related issues, including an in-depth look at forests and climate change, the conservation of forest biological diversity, and illegal actiovities in the for...
Guardado en:
| Autor principal: | |
|---|---|
| Formato: | Libro |
| Lenguaje: | Undetermined |
| Publicado: |
Rome, Italy
FAO
2001
|
| Materias: | |
| Etiquetas: |
Agregar Etiqueta
Sin Etiquetas, Sea el primero en etiquetar este registro!
|
| Thư viện lưu trữ: | Trung tâm Học liệu Trường Đại học Cần Thơ |
|---|
| LEADER | 00886nam a2200181Ia 4500 | ||
|---|---|---|---|
| 001 | CTU_47956 | ||
| 008 | 210402s9999 xx 000 0 und d | ||
| 082 | |a 634.9 | ||
| 082 | |b S797 | ||
| 100 | |a State of the world's forests 2001 | ||
| 245 | 0 | |a State of the world's forests 2001 | |
| 260 | |a Rome, Italy | ||
| 260 | |b FAO | ||
| 260 | |c 2001 | ||
| 520 | |a This book provides the most recent picture of the extent and location of forests worldwide. It covers new sectoral developments and key forest-related issues, including an in-depth look at forests and climate change, the conservation of forest biological diversity, and illegal actiovities in the forest sector. | ||
| 650 | |a forest protection,forest resources,forestry development,forestry policies,forests and forestry | ||
| 904 | |i Nguyễn Quang Điền, 991118 | ||
| 980 | |a Trung tâm Học liệu Trường Đại học Cần Thơ | ||